000 00626cam a22002052 4500
001 0000005988
005 20151217152010.0
008 070911s xx 000 0 eng d
020 _a0071166459 :
040 _aKABU
_cKABU
100 1 _aChurch, Jeffrey.
_@0000157320
245 1 0 _aIndustrial organization :
_ba strategic approach /
_cJeffrey Church and Roger Ware.
260 _aBoston :
_bMcGraw-Hill,
_c2000.
300 _axxxii, 926 p.
650 0 _aIndustrial organization.
_@0000151171
700 1 _aWare, Roger.
_@0000157321
908 _a070911
950 _@1
999 _c7149
_d7149